000 00242nam a2200097Ia 4500
008 190216s9999||||xx |||||||||||||| ||und||
100 _aBrown G I
245 0 _aSimple Guide To Modern Valency Theory
260 _bLongman &green &co
942 _cBK
999 _c30402
_d30402